Ile wiesz o Europie? - Statystyki

Ogólne statystyki
  • Ten quiz został rozwiązany 224 razy
  • Średni wynik to 3 z 8
Answers on the Grid
Answers color-coded by a green-red scale on the quiz's grid according to % correct below.
Europa ma populację około 755 milionów ludzi.
W Europie jest miasto Praga.
Cypr znajduje się W Europie.
W Europie jest 57 państw.
W Unii Europejskiej jest 28 państw.
Mottem Unii Europejskiej jest „Jedność w Różnorodności”
Stolicą Belgii jest Berlin.
Konkurs Eurowizji odbywa się od 1956 roku.
W Europie jest miasto Louga.
Głównymi językami urzędowymi Unii Europejskiej są angielski, francuski i niemiecki.
W Europie jest 46 państw.
Polska wygrała Eurowizję w 1996 roku, a w 2014 miała 2. miejsce.
Gruzja była w UE przez 10 lat, lecz z niej wyszła.
Liechtenstein jest w UE, od 2019 roku.
Stolicą Portugalii jest Lizbona.
Najmniejszym państwem Europy jest Watyqan.
 
Statystyki odpowiedzi
Odpowiedź % Poprawnych
W Europie jest miasto Praga.
95%
Europa ma populację około 755 milionów ludzi.
46%
Stolicą Portugalii jest Lizbona.
43%
W Unii Europejskiej jest 28 państw.
30%
Głównymi językami urzędowymi Unii Europejskiej są angielski, francuski i niemiecki.
29%
W Europie jest 46 państw.
25%
Konkurs Eurowizji odbywa się od 1956 roku.
16%
Mottem Unii Europejskiej jest „Jedność w Różnorodności”
13%
Nie znaleziono quizów pasujących do podanych kryteriów
Rozkład punktacji
Procent ludzi z każdym wynikiem
Percentyl według liczby udzielonych odpowiedzi
Twoja historia wyników
Nie rozwiązałeś tego quizu